Investing in Climate, Investing in Growth

Na minha lista:
Detalhes bibliográficos
Formato: Livro
Idioma:inglês
Publicado em: Paris OECD 2017
Assuntos:
Tags: Adicionar Tag
Sem tags, seja o primeiro a adicionar uma tag!

MARC

LEADER 00000nam a2200000 4500
001 0242265
005 20240314123053.1
020 |a 978-92-64-27351-1 
041 0 |a eng 
044 |a FR 
245 1 0 |a Investing in Climate, Investing in Growth 
264 1 |a Paris  |b OECD  |c 2017 
300 |a 309 s. 
610 2 0 |a zmeny klimatické 
610 2 0 |a rozvoj trvalo udržateľný 
610 2 0 |a politika ekologická 
610 2 0 |a politika environmentálna